000 00450nam a22001817a 4500
005 20260513131313.0
008 260513b |||||||| |||| 00| 0 eng d
020 _a9789811681950
_c6349.34
040 _aMAIN
041 _aEnglish
082 _a006.3105
_bJUN
100 _aJung, Alexander
_926817
245 _aMachine Learning
260 _aSingapore
_bSpringer
_c2022
300 _a212
650 _aGeology (PM USHA)
_926712
942 _cBK
999 _c60787
_d60787